000 nam a22 7a 4500
999 _c10706
_d10706
008 180220b ||||| |||| 00| 0 eng d
100 _aChand,K.
_95187
245 _aScience in Life Today-3
260 _aNew Delhi
_bPrachi